| 000 | 00588nam a2200205 a 4500 | ||
|---|---|---|---|
| 005 | 20140310183357.0 | ||
| 008 | 121001s19uu xx 00 eng d | ||
| 020 | _a9789381460184 | ||
| 050 |
_aTX 911 _b.R161 2012 |
||
| 100 | _aRajpal, Nandini | ||
| 245 |
_aHospitality and trends dimensions / _cNandini Rajpal. |
||
| 250 | _a1st ed. | ||
| 260 |
_aNew Delhi, India : _bCentrum Press, _c2012. |
||
| 300 |
_a248 p. : _c23 cm. |
||
| 500 | _aIncludes index | ||
| 650 |
_aTourism _xManagement |
||
| 650 |
_aHospitality industry _xForecasting |
||
| 942 |
_cBK _2lcc _kFOR |
||
| 999 |
_c22266 _d22266 |
||